Data structures through C (Include CD) / (Record no. 179924)
[ view plain ]
| 000 -LEADER | |
|---|---|
| fixed length control field | 00739 a2200193 4500 |
| 003 - CONTROL NUMBER IDENTIFIER | |
| control field | NUST |
| 005 - DATE AND TIME OF LATEST TRANSACTION | |
| control field | 20230606170345.0 |
| 022 ## - INTERNATIONAL STANDARD SERIAL NUMBER | |
| International Standard Serial Number | 817656706X |
| 040 ## - CATALOGING SOURCE | |
| Transcribing agency | Nust |
| 082 ## - DEWEY DECIMAL CLASSIFICATION NUMBER | |
| Classification number | 005.73,KAN |
| 100 ## - MAIN ENTRY--PERSONAL NAME | |
| Personal name | Kanetkar, Yashavant P. |
| 9 (RLIN) | 113024 |
| 245 ## - TITLE STATEMENT | |
| Title | Data structures through C (Include CD) / |
| Statement of responsibility, etc. | Yashavant P. Kanetkar |
| 260 ## - PUBLICATION, DISTRIBUTION, ETC. | |
| Place of publication, distribution, etc. | New Delhi |
| Name of publisher, distributor, etc. | BPB Pub. |
| Date of publication, distribution, etc. | 2003 |
| 300 ## - PHYSICAL DESCRIPTION | |
| Extent | viii, 616 p.; |
| 505 ## - FORMATTED CONTENTS NOTE | |
| Formatted contents note | Analysis of Algorithms (Page-1), Arrays (Page-19), Strings (PAge-65), Linked Lists (Page-103), Sparse Matrices (Page-225), Stacks (Page-281), Queues (Page-331), Trees (Page-373), Searching and Sorting (Page-525), Graphs (Page-583). |
| 650 ## - SUBJECT ADDED ENTRY--TOPICAL TERM | |
| Topical term or geographic name entry element | Data structures |
| 9 (RLIN) | 100142 |
| 651 ## - SUBJECT ADDED ENTRY--GEOGRAPHIC NAME | |
| Geographic name | (Include CD) |
| 9 (RLIN) | 8953 |
| 942 ## - ADDED ENTRY ELEMENTS (KOHA) | |
| Source of classification or shelving scheme | |
| Koha item type | Book |
| Call number prefix | 005.73,KAN |
| Withdrawn status | Lost status | Source of classification or shelving scheme | Damaged status | Not for loan | Permanent Location | Current Location | Shelving location | Date acquired | Full call number | Barcode | Date last seen | Price effective from | Koha item type | Public note |
|---|---|---|---|---|---|---|---|---|---|---|---|---|---|---|
| Military College of Signals (MCS) | Military College of Signals (MCS) | General Stacks | 12/12/2016 | 005.73,KAN | MCS30643 | 12/08/2016 | 12/12/2016 | Book Bank | Almirah No.109, Shelf No.1 |
